000 00778nam a22001457a 4500
003 NUST
020 _a0-19-806679-1
082 _a621.3822, RAW
100 _aRawat, Tarun
_9102759
245 _aSignals and Systems:
_cTarun Rawat
260 _aIndia
_bOxford University Press
_c2010
300 _axviii, 890: pages
505 _aIntroduction to Signals and Systems (Page-1), Convolution and Correlation (Page-97), Continuous Time Fourier Series (Page-162), Discrete Time Fourier Series (Page-225), Continuous Time Fourier Transform (Page-258), Discrete Time Fourier Transform (Page-352), Hilbert Transform (Page-441), Sampling (Page-480), Laplace Transform (Page-548), Z Transform (Page-678), State Space Analysis (Page-820), MATLAB Programs (Page-857).
942 _2ddc
_cBK
999 _c592329
_d592329